[Event "2. Bundesliga West 2017/18"]
[Site "Kufstein; NMS II, Sporthalle Fischergries"]
[Date "2018.01.13"]
[Round "7"]
[Board "4"]
[White "Mitterwald, Johannes"]
[Black "Maurer, Jochen"]
[Result "0-1"]
[WhiteElo "2189"]
[BlackElo "2211"]
[PlyCount "60"]
[EventDate "2017.10.13"]
[EventType "team"]
[EventRounds "11"]
[EventCountry "AUT"]
[WhiteTeam "Pradl"]
[BlackTeam "Kufstein/Woergl"]

1. e4 c5 2. Nf3 e6 3. d4 cxd4 4. Nxd4 Nc6 5. Nc3 Qc7 6. Be3 a6 7. Qf3 Bd6 8.
O-O-O Be5 9. g3 Nf6 10. Qe2 O-O 11. f4 Bxd4 12. Bxd4 Nxd4 13. Rxd4 e5 14. Rd3
b5 15. Bg2 Bb7 16. Re1 Rac8 17. Qd2 Rfe8 18. a3 Qc4 19. f5 a5 20. g4 b4 21. Nb1
d5 22. exd5 e4 23. Rg3 Bxd5 24. g5 Nh5 25. Rge3 Nf4 26. Bxe4 Bxe4 27. Rxe4 Rxe4
28. Rxe4 Qf1+ 29. Re1 Qxe1+ 30. Qxe1 Nd3+  0-1

[Event "2. Bundesliga West 2017/18"]
[Site "Kufstein; NMS II, Sporthalle Fischergries"]
[Date "2018.01.13"]
[Round "7"]
[Board "5"]
[White "Neuschmied, Siegfried"]
[Black "Praxmarer, Christian"]
[Result "1/2-1/2"]
[WhiteElo "2155"]
[BlackElo "1974"]
[PlyCount "120"]
[EventDate "2017.10.13"]
[EventType "team"]
[EventRounds "11"]
[EventCountry "AUT"]
[WhiteTeam "Kufstein/Woergl"]
[BlackTeam "Pradl"]

1. e4 e6 2. d4 d5 3. e5 c5 4. c3 Nc6 5. Nf3 Bd7 6. Be2 Nge7 7. Na3 cxd4 8. cxd4
Nf5 9. Nc2 Qb6 10. O-O Na5 11. Bd2 Bb5 12. Bc3 Be7 13. Ne3 Nxe3 14. fxe3 O-O
15. Rf2 Bxe2 16. Qxe2 Nc6 17. Raf1 f6 18. exf6 Rxf6 19. Ne1 Raf8 20. Rxf6 Bxf6
21. Nd3 Qa6 22. a3 Be7 23. Rd1 Nd8 24. e4 dxe4 25. Qxe4 Qc6 26. Qxc6 Nxc6 27.
Nc5 e5 28. Ne6 exd4 29. Bxd4 Nxd4 30. Nxf8 Kxf8 31. Kf1 Bf6 32. Kf2 Nb3 33. Rd3
Nc5 34. Rf3 Ke7 35. b3 b5 36. Ke2 Bb2 37. b4 Ne6 38. Kd2 a6 39. Rb3 Be5 40. g3
Nd4 41. Re3 Ke6 42. Kd3 Kd5 43. Re1 Nf3 44. Re2 g5 45. Ra2 Bd4 46. a4 Ne5+ 47.
Ke2 Kc4 48. axb5 axb5 49. Ra6 Ng4 50. h3 Nf6 51. g4 Kxb4 52. h4 gxh4 53. g5 Nd5
54. Rh6 Nf4+ 55. Kf3 Ng6 56. Rxh7 Bc3 57. Rh6 Ne5+ 58. Ke4 Kb3 59. Rxh4 b4 60.
Kf5 Ka2  1/2-1/2

[Event "2. Bundesliga West 2017/18"]
[Site "Kufstein; NMS II, Sporthalle Fischergries"]
[Date "2018.01.13"]
[Round "7"]
[Board "6"]
[White "Niedermair, Hannes"]
[Black "Atzl, Florian"]
[Result "1/2-1/2"]
[WhiteElo "1971"]
[BlackElo "2107"]
[PlyCount "123"]
[EventDate "2017.10.13"]
[EventType "team"]
[EventRounds "11"]
[EventCountry "AUT"]
[WhiteTeam "Pradl"]
[BlackTeam "Kufstein/Woergl"]

1. f4 e5 2. fxe5 d6 3. exd6 Bxd6 4. Nf3 g5 5. d4 g4 6. Ne5 Bxe5 7. dxe5 Qxd1+
8. Kxd1 Nc6 9. Nc3 Be6 10. Bg5 Nge7 11. e4 Rd8+ 12. Ke1 a6 13. a3 Rd7 14. Bf6
Rg8 15. Na4 Nd4 16. Bd3 b6 17. Rc1 a5 18. Nc3 c6 19. Ne2 Nb3 20. Rd1 Nc5 21. b4
axb4 22. axb4 Na4 23. b5 Nb2 24. Ra1 Rc7 25. Ra8+ Kd7 26. bxc6+ Kxc6 27. Nd4+
Kb7 28. Ra3 Nxd3+ 29. Rxd3 Ra8 30. Kd2 Nc6 31. Nb5 Rd7 32. Rxd7+ Bxd7 33. Nd6+
Kc7 34. Nxf7 Rf8 35. Nh6 Nd4 36. c3 Nb3+ 37. Ke3 Ra8 38. Nf5 Ra2 39. h3 g3 40.
Nxg3 Rxg2 41. Nf5 Rc2 42. e6 Bxe6 43. Rg1 Bc4 44. Rg7+ Kc6 45. Nd4+ Nxd4 46.
Bxd4 h5 47. Rh7 Re2+ 48. Kf3 Rb2 49. Kf4 Be2 50. e5 Bd1 51. Rh6+ Kc7 52. e6 Kd6
53. Bxb6 Rb5 54. Bd4 Bb3 55. h4 Bxe6 56. Rg6 Rf5+ 57. Ke4 Ke7 58. Rg5 Rxg5 59.
hxg5 h4 60. Be5 Kf7 61. Kd4 Kg6 62. Kc5  1/2-1/2

[Event "2. Bundesliga West 2017/18"]
[Site "Kufstein; NMS II, Sporthalle Fischergries"]
[Date "2018.01.13"]
[Round "7"]
[Board "1"]
[White "Frank, Emanuel"]
[Black "Braeuer, Franz"]
[Result "0-1"]
[WhiteElo "2165"]
[BlackElo "2398"]
[PlyCount "80"]
[EventDate "2017.10.13"]
[EventType "team"]
[EventRounds "11"]
[EventCountry "AUT"]
[WhiteTeam "ASK Salzburg"]
[BlackTeam "Rochade Rum"]

1. d4 Nf6 2. c4 e6 3. g3 d5 4. Nf3 Bb4+ 5. Bd2 Be7 6. Bg2 O-O 7. O-O c6 8. Qc2
b6 9. Rd1 Ba6 10. Ne5 Nfd7 11. cxd5 cxd5 12. e4 Nxe5 13. dxe5 Be2 14. exd5 Bxd1
15. Qxd1 exd5 16. Nc3 Nc6 17. Nxd5 Nxe5 18. Nxe7+ Qxe7 19. Bxa8 Rxa8 20. Qe2
Re8 21. Re1 Qb7 22. Qxe5 Rxe5 23. Rxe5 f6 24. Re8+ Kf7 25. Rd8 h5 26. Rd4 Qf3
27. Bc3 Ke6 28. h4 g5 29. a3 a5 30. Kf1 Qc6 31. Ke2 Qc5 32. Ke1 Qf5 33. Kf1 Qc2
34. Ke1 b5 35. Kf1 b4 36. axb4 a4 37. Ke1 gxh4 38. Rd2 Qb1+ 39. Rd1 Qxd1+ 40.
Kxd1 h3  0-1

[Event "2. Bundesliga West 2017/18"]
[Site "Kufstein; NMS II, Sporthalle Fischergries"]
[Date "2018.01.13"]
[Round "7"]
[Board "2"]
[White "Spornberger, Andre"]
[Black "Luncescu, Christian"]
[Result "1-0"]
[WhiteElo "2355"]
[BlackElo "2192"]
[PlyCount "71"]
[EventDate "2017.10.13"]
[EventType "team"]
[EventRounds "11"]
[EventCountry "AUT"]
[WhiteTeam "Rochade Rum"]
[BlackTeam "ASK Salzburg"]

1. d4 Nf6 2. Bf4 d5 3. e3 c6 4. c4 g6 5. Nc3 Bg7 6. Nf3 O-O 7. h3 c5 8. Be2
cxd4 9. exd4 Nc6 10. O-O dxc4 11. Bxc4 Na5 12. Be2 Be6 13. Rc1 Rc8 14. b3 Nd5
15. Nxd5 Bxd5 16. Qd2 Nc6 17. Ne5 Nxe5 18. dxe5 Bc6 19. Qe3 Qa5 20. a4 Bd5 21.
Bf3 Bxf3 22. Qxf3 Qb4 23. Rfd1 b5 24. Bd2 Qa3 25. Rxc8 Rxc8 26. Qb7 Rd8 27. Qc7
Rd3 28. Qb8+ Bf8 29. Kh2 Rxd2 30. Rxd2 bxa4 31. Rd8 e6 32. b4 Qc1 33. Rxf8+ Kg7
34. Rg8+ Kh6 35. Qf8+ Kh5 36. Qxf7  1-0

[Event "2. Bundesliga West 2017/18"]
[Site "Kufstein; NMS II, Sporthalle Fischergries"]
[Date "2018.01.13"]
[Round "7"]
[Board "3"]
[White "Juergens, Klaus"]
[Black "Gatterer, Florian"]
[Result "1/2-1/2"]
[WhiteElo "2102"]
[BlackElo "2271"]
[PlyCount "105"]
[EventDate "2017.10.13"]
[EventType "team"]
[EventRounds "11"]
[EventCountry "AUT"]
[WhiteTeam "ASK Salzburg"]
[BlackTeam "Rochade Rum"]

1. Nf3 d5 2. g3 c6 3. Bg2 Bg4 4. O-O Nd7 5. d3 e6 6. Nbd2 Bd6 7. h3 Bh5 8. b3
Ne7 9. Bb2 O-O 10. c4 a5 11. a3 Re8 12. Qc2 f6 13. e4 Bf7 14. d4 Ng6 15. Rfe1
Rc8 16. c5 Bc7 17. b4 Ne7 18. Bc3 dxe4 19. Nxe4 Nd5 20. Bd2 Bg6 21. Qb3 axb4
22. axb4 Bf7 23. Ra7 Ra8 24. Qa4 h6 25. Rxa8 Qxa8 26. Ra1 Qc8 27. b5 f5 28.
bxc6 bxc6 29. Nd6 Bxd6 30. cxd6 Qb7 31. Ne5 Nxe5 32. dxe5 Rb8 33. Qa7 Be8 34.
Bf3 Kh7 35. Kg2 Bd7 36. Qc5 Ra8 37. Rxa8 Qxa8 38. Be3 Qb7 39. Qa7 Qxa7 40. Bxa7
g6 41. Kf1 Kg7 42. Ke2 Kf7 43. Be3 h5 44. Kd2 Bc8 45. Be2 Ke8 46. Bc4 Bb7 47.
Kd3 Kd7 48. Bd2 Nb6 49. Bb3 Nd5 50. Kd4 Ba6 51. Kc5 Bb7 52. Ba5 Ba8 53. h4
 1/2-1/2

[Event "2. Bundesliga West 2017/18"]
[Site "Kufstein; NMS II, Sporthalle Fischergries"]
[Date "2018.01.13"]
[Round "7"]
[Board "4"]
[White "Spornberger, Maximilian"]
[Black "Scheiblmaier, Robert"]
[Result "1-0"]
[WhiteElo "2273"]
[BlackElo "2183"]
[PlyCount "111"]
[EventDate "2017.10.13"]
[EventType "team"]
[EventRounds "11"]
[EventCountry "AUT"]
[WhiteTeam "Rochade Rum"]
[BlackTeam "ASK Salzburg"]

1. e4 e6 2. d3 d5 3. Nd2 Nf6 4. Ngf3 Be7 5. g3 c5 6. Bg2 Nc6 7. O-O O-O 8. e5
Nd7 9. Re1 b5 10. Nf1 a5 11. h4 b4 12. N1h2 Ba6 13. Bf4 a4 14. a3 bxa3 15. bxa3
c4 16. d4 Rb8 17. Ng5 Qe8 18. c3 Rb3 19. Qc2 Bxg5 20. hxg5 Qe7 21. Bc1 Qd8 22.
Ng4 Qa5 23. Re3 Rfb8 24. Rf3 Qb5 25. Kh2 Rb1 26. Rxb1 Qxb1 27. Qxa4 Bb5 28. Qd1
Ra8 29. Qd2 Ba4 30. Qf4 Nd8 31. Bd2 Qe4 32. Qxe4 dxe4 33. Re3 Bc2 34. Bc1 Nb6
35. Bxe4 Bxe4 36. Rxe4 Nd5 37. Bb2 Rb8 38. Re2 Rb3 39. Rc2 Nc6 40. Ne3 Nxe3 41.
fxe3 Kf8 42. Kg2 Ne7 43. Kf3 Nd5 44. Ke4 Nb6 45. Bc1 g6 46. g4 Na4 47. Bd2 Ke7
48. d5 exd5+ 49. Kxd5 Nb6+ 50. Kd4 Rxa3 51. Rb2 Rb3 52. Ra2 Rb5 53. e4 Ke6 54.
Bf4 Kd7 55. Ra7+ Ke6 56. Rc7  1-0

[Event "2. Bundesliga West 2017/18"]
[Site "Kufstein; NMS II, Sporthalle Fischergries"]
[Date "2018.01.13"]
[Round "7"]
[Board "5"]
[White "Herrmann, Michael"]
[Black "Paltrinieri, Nicholas"]
[Result "0-1"]
[WhiteElo "2079"]
[BlackElo "2300"]
[PlyCount "96"]
[EventDate "2017.10.13"]
[EventType "team"]
[EventRounds "11"]
[EventCountry "AUT"]
[WhiteTeam "ASK Salzburg"]
[BlackTeam "Rochade Rum"]

1. c4 f5 2. b3 d6 3. Bb2 e6 4. g3 Nf6 5. Bg2 Be7 6. e3 O-O 7. Ne2 a5 8. Nbc3
Na6 9. d4 c6 10. O-O Bd7 11. e4 e5 12. Qd2 Qc7 13. Rac1 Rad8 14. f4 exd4 15.
Nxd4 fxe4 16. Nxe4 Nc5 17. Nxf6+ Bxf6 18. Rfe1 Rfe8 19. h3 Rxe1+ 20. Rxe1 Re8
21. Rxe8+ Bxe8 22. Kh2 Bg6 23. Nf3 Ne4 24. Qc1 Be7 25. Qa1 Bd8 26. Nd4 Qd7 27.
Qe1 d5 28. cxd5 cxd5 29. Nf3 Bb6 30. Bd4 Bxd4 31. Nxd4 b6 32. Nf3 Qc7 33. Qd1
Nc3 34. Qd2 Be4 35. Ng5 Bxg2 36. Kxg2 h6 37. Nf3 Qc5 38. Nd4 Ne4 39. Qb2 b5 40.
a3 b4 41. axb4 axb4 42. g4 Nc3 43. Qf2 Qe7 44. Nf3 Qe4 45. f5 Kh7 46. Kh2 Nd1
47. Qg2 Ne3 48. Qe2 Nxg4+  0-1

[Event "2. Bundesliga West 2017/18"]
[Site "Kufstein; NMS II, Sporthalle Fischergries"]
[Date "2018.01.13"]
[Round "7"]
[Board "6"]
[White "Moroder, Stefan"]
[Black "Loeffler, Christoph"]
[Result "0-1"]
[WhiteElo "2212"]
[BlackElo "2091"]
[PlyCount "96"]
[EventDate "2017.10.13"]
[EventType "team"]
[EventRounds "11"]
[EventCountry "AUT"]
[WhiteTeam "Rochade Rum"]
[BlackTeam "ASK Salzburg"]

1. e4 c6 2. d4 d5 3. e5 Bf5 4. Nc3 e6 5. g4 Bg6 6. Nge2 c5 7. Be3 Nc6 8. Qd2
cxd4 9. Nxd4 Bb4 10. a3 Qa5 11. Nb3 Bxc3 12. Nxa5 Bxd2+ 13. Bxd2 Nd4 14. Bc3
Nxc2+ 15. Kd2 Nxa1 16. Bb5+ Kd8 17. Rxa1 a6 18. Be2 b6 19. Nb7+ Kc7 20. Nd6 Ne7
21. Rc1 Kd7 22. f4 h5 23. f5 exf5 24. g5 Nc8 25. Bd4 Nxd6 26. exd6 b5 27. Bxg7
Rhe8 28. Rf1 Kxd6 29. Bd3 Ra7 30. Bd4 Rc7 31. Rf4 Ke6 32. h4 Rec8 33. Bc3 Rc6
34. a4 bxa4 35. Rxa4 f4 36. Rxf4 Bxd3 37. Kxd3 Rc4 38. Rf6+ Ke7 39. Rxa6 Rxh4
40. Bf6+ Kd7 41. Ra7+ Rc7 42. Ra8 Kc6 43. Ra6+ Kb5 44. Rd6 Kc5 45. Rd8 Rh3+ 46.
Ke2 Kc4 47. Kf2 h4 48. Kg2 Rd3  0-1

[Event "2. Bundesliga West 2017/18"]
[Site "Kufstein; NMS II, Sporthalle Fischergries"]
[Date "2018.01.13"]
[Round "7"]
[Board "1"]
[White "Baldauf, Marco"]
[Black "Michalik, Peter"]
[Result "1/2-1/2"]
[WhiteElo "2478"]
[BlackElo "2546"]
[PlyCount "196"]
[EventDate "2017.10.13"]
[EventType "team"]
[EventRounds "11"]
[EventCountry "AUT"]
[WhiteTeam "Hohenems II"]
[BlackTeam "Zillertal"]

1. d4 Nf6 2. c4 g6 3. Nc3 d5 4. cxd5 Nxd5 5. e4 Nxc3 6. bxc3 Bg7 7. Nf3 c5 8.
h3 O-O 9. Be2 cxd4 10. cxd4 b6 11. Be3 e6 12. O-O Bb7 13. Qd3 Nc6 14. Rad1 Qd6
15. Bg5 Rac8 16. a3 Na5 17. Rc1 h6 18. Bd2 Rfd8 19. Bb4 Qf4 20. Rxc8 Rxc8 21.
Bxa5 bxa5 22. d5 exd5 23. Qb3 dxe4 24. Qxb7 Rb8 25. Qd5 exf3 26. Bxf3 Bd4 27.
Be4 Bb6 28. Bxg6 Rd8 29. Qe4 Bxf2+ 30. Kh1 Qxe4 31. Bxe4 Bg3 32. a4 h5 33. Rb1
h4 34. Kg1 Rd4 35. Bc6 Rf4 36. Bb5 Kg7 37. Rb3 Re4 38. Rf3 Re5 39. Rf1 f5 40.
Bd3 Kf6 41. Rb1 Rd5 42. Be2 Rd4 43. Bb5 Rd2 44. Bc4 Rc2 45. Bd3 Rc3 46. Be2 Ra3
47. Bb5 Ra2 48. Rf1 Bc7 49. Bd7 Bb6+ 50. Kh1 Bf2 51. Rb1 Rd2 52. Bc6 Be3 53.
Re1 f4 54. Rb1 Rd4 55. Ra1 Rc4 56. Bb5 Rb4 57. Bc6 Ke5 58. Rd1 a6 59. Rd5+ Ke6
60. Rd1 Bd4 61. Re1+ Kd6 62. Be8 Rc4 63. Rd1 Kc7 64. Kh2 Kd8 65. Bc6 Kc8 66.
Be8 Kd8 67. Bc6 Ke7 68. Kh1 Kd6 69. Be8 Kc5 70. Rb1 Be3 71. Bd7 Kd4 72. Be8 Kc3
73. Bd7 Rb4 74. Rf1 Rd4 75. Be8 Rd8 76. Bc6 Kb4 77. Ra1 Kc5 78. Bf3 Rb8 79. Bg4
Kd6 80. Rd1+ Ke5 81. Bf3 Rb4 82. Bc6 Rc4 83. Bd7 Rc2 84. Be8 Ra2 85. Bc6 Bd2
86. Kg1 Kd6 87. Be8 Ke7 88. Bc6 Rc2 89. Kf1 Be3 90. Bf3 Rc4 91. Ra1 Kd6 92. Ke2
Kc5 93. Kd3 Rb4 94. Ra2 Rd4+ 95. Kc3 Rd6 96. Rc2 Rb6 97. Kd3+ Kd6 98. Rc4 Rb4
 1/2-1/2

[Event "2. Bundesliga West 2017/18"]
[Site "Kufstein; NMS II, Sporthalle Fischergries"]
[Date "2018.01.13"]
[Round "7"]
[Board "2"]
[White "Lanka, Zigurds"]
[Black "Berchtenbreiter, Maximilian"]
[Result "0-1"]
[WhiteElo "2426"]
[BlackElo "2377"]
[PlyCount "118"]
[EventDate "2017.10.13"]
[EventType "team"]
[EventRounds "11"]
[EventCountry "AUT"]
[WhiteTeam "Zillertal"]
[BlackTeam "Hohenems II"]

1. Nf3 Nf6 2. g3 d5 3. Bg2 c6 4. O-O g6 5. d3 Bg7 6. Nbd2 O-O 7. e4 dxe4 8.
dxe4 Qc7 9. Qe2 Nfd7 10. Nc4 b5 11. Ne3 Nc5 12. Nd2 Nbd7 13. f4 Bb7 14. h4 Rad8
15. e5 f6 16. e6 Nxe6 17. Nf5 Ndc5 18. Nxg7 Nxg7 19. g4 Nce6 20. Nb3 c5 21.
Bxb7 Qxb7 22. Be3 c4 23. Nc5 Qc6 24. Nxe6 Qxe6 25. Rae1 Rd7 26. Qg2 Qa6 27. a3
Rfd8 28. Kh1 Qb7 29. Qxb7 Rxb7 30. c3 Kf7 31. Bd4 h5 32. f5 hxg4 33. fxg6+ Kxg6
34. Re4 f5 35. Re2 Rdd7 36. Rfe1 Kf7 37. Kh2 Nh5 38. Re6 Rd6 39. R6e5 e6 40.
Rc5 a6 41. Rc8 Rbd7 42. Rh8 Nf6 43. h5 Rd8 44. Rh6 Rxd4 45. cxd4 f4 46. Rd1 Rd5
47. Kg2 Nxh5 48. Rh7+ Kg6 49. Ra7 f3+ 50. Kf2 Kg5 51. Rxa6 e5 52. a4 Kf4 53. a5
g3+ 54. Kf1 e4 55. Re6 e3 56. a6 g2+ 57. Kg1 Rg5 58. a7 f2+ 59. Kh2 g1=Q+  0-1

[Event "2. Bundesliga West 2017/18"]
[Site "Kufstein; NMS II, Sporthalle Fischergries"]
[Date "2018.01.13"]
[Round "7"]
[Board "3"]
[White "Burschowsky, Matthias"]
[Black "Hausner, Ivan"]
[Result "1/2-1/2"]
[WhiteElo "2191"]
[BlackElo "2321"]
[PlyCount "65"]
[EventDate "2017.10.13"]
[EventType "team"]
[EventRounds "11"]
[EventCountry "AUT"]
[WhiteTeam "Hohenems II"]
[BlackTeam "Zillertal"]

1. c4 c5 2. g3 g6 3. Bg2 Bg7 4. e3 Nc6 5. Ne2 e5 6. Nbc3 Nge7 7. O-O O-O 8. a3
d6 9. Rb1 Be6 10. Nd5 a5 11. d3 Rb8 12. Nec3 Bd7 13. b4 axb4 14. axb4 Nxd5 15.
Nxd5 Nxb4 16. Nxb4 cxb4 17. Rxb4 Bc6 18. Qb3 Rc8 19. Ba3 Qd7 20. Rb1 h5 21. h4
Bf6 22. Bxc6 bxc6 23. Rb7 Qe6 24. Qd1 Ra8 25. R1b3 c5 26. Qf3 Ra6 27. Bb2 Rfa8
28. Rb8+ Rxb8 29. Rxb8+ Kg7 30. Qb7 Ra2 31. Qb3 Ra7 32. Qb6 Ra2 33. Qb3  1/2-1/2

[Event "2. Bundesliga West 2017/18"]
[Site "Kufstein; NMS II, Sporthalle Fischergries"]
[Date "2018.01.13"]
[Round "7"]
[Board "4"]
[White "Maiwald, Jens-Uwe"]
[Black "Atlas, Dmitry"]
[Result "1-0"]
[WhiteElo "2452"]
[BlackElo "2174"]
[PlyCount "100"]
[EventDate "2017.10.13"]
[EventType "team"]
[EventRounds "11"]
[EventCountry "AUT"]
[WhiteTeam "Zillertal"]
[BlackTeam "Hohenems II"]

1. e4 e6 2. d3 d5 3. Qe2 Nf6 4. Nf3 Be7 5. g3 c5 6. Bg2 Nc6 7. O-O O-O 8. e5
Nd7 9. c4 b5 10. cxb5 Na5 11. Nc3 a6 12. bxa6 Bxa6 13. Rd1 Nc6 14. h4 Rb8 15.
Bf4 Rb4 16. Rac1 h6 17. b3 Re8 18. Na4 Rb8 19. Qd2 Nb4 20. Bf1 d4 21. Ra1 Nd5
22. Bg2 Bb7 23. h5 Bc6 24. Nb2 Nxf4 25. gxf4 Nb6 26. Rac1 Qd7 27. Nc4 Nd5 28.
Kh1 Ra8 29. Rg1 Qb7 30. Ne1 Kh8 31. Rc2 Red8 32. Na5 Rxa5 33. Qxa5 Nxf4 34.
Bxc6 Qxc6+ 35. f3 Nxd3 36. Rf1 Nb4 37. Qxb4 d3 38. Nxd3 Rxd3 39. Qg4 Qe8 40.
Qe4 Qd8 41. Rc4 Rd5 42. Ra4 Bf8 43. Rg1 Kg8 44. Qf4 Kh7 45. Re4 Rd3 46. Re2 Rd4
47. Re4 Rd3 48. Rg3 Qc7 49. Re2 Kh8 50. Rd2 Rc3  1-0

[Event "2. Bundesliga West 2017/18"]
[Site "Kufstein; NMS II, Sporthalle Fischergries"]
[Date "2018.01.13"]
[Round "7"]
[Board "5"]
[White "Hofer, Emilian"]
[Black "Tabernig, Bernhard"]
[Result "1-0"]
[WhiteElo "2136"]
[BlackElo "2328"]
[PlyCount "91"]
[EventDate "2017.10.13"]
[EventType "team"]
[EventRounds "11"]
[EventCountry "AUT"]
[WhiteTeam "Hohenems II"]
[BlackTeam "Zillertal"]

1. e4 e6 2. d4 d5 3. Nd2 Nf6 4. e5 Nfd7 5. c3 c5 6. Bd3 Nc6 7. Ne2 cxd4 8. cxd4
f6 9. exf6 Nxf6 10. Nf3 Bd6 11. O-O Qc7 12. Bg5 O-O 13. Bh4 Nh5 14. Nc3 a6 15.
Rc1 g6 16. Na4 b5 17. Nc5 Rxf3 18. Qxf3 Bxh2+ 19. Kh1 Bf4 20. Nb3 Bxc1 21. Rxc1
Bd7 22. Bg5 Rf8 23. Qe3 Qd6 24. Nc5 Bc8 25. Re1 Nd8 26. Be2 Ng7 27. Bg4 Qc6 28.
Nd3 Nf7 29. Rc1 Qb6 30. Bh4 Nd6 31. Be7 Ndf5 32. Bxf5 Nxf5 33. Bc5 Nxe3 34.
Bxb6 Nf5 35. Rc7 Re8 36. Ne5 Nd6 37. Ng4 Ne4 38. f3 Ng3+ 39. Kg1 Nh5 40. Bc5 e5
41. Nh6+ Kh8 42. Bd6 exd4 43. Bc5 Re1+ 44. Kf2 Rd1 45. Ke2 Nf4+ 46. Kxd1  1-0

[Event "2. Bundesliga West 2017/18"]
[Site "Kufstein; NMS II, Sporthalle Fischergries"]
[Date "2018.01.13"]
[Round "7"]
[Board "6"]
[White "Schiestl, Josef"]
[Black "Heinrici, Simon"]
[Result "1/2-1/2"]
[WhiteElo "2125"]
[BlackElo "2099"]
[PlyCount "69"]
[EventDate "2017.10.13"]
[EventType "team"]
[EventRounds "11"]
[EventCountry "AUT"]
[WhiteTeam "Zillertal"]
[BlackTeam "Hohenems II"]

1. e4 e5 2. Bc4 Nc6 3. Nf3 Nf6 4. d3 Bc5 5. Bb3 d6 6. c3 a6 7. Nbd2 Ba7 8. h3
h6 9. Nf1 Ne7 10. Ng3 Ng6 11. O-O O-O 12. Nh2 d5 13. Qe2 Nf4 14. Qf3 dxe4 15.
dxe4 Qd3 16. Be3 Bxe3 17. fxe3 Ne6 18. Rad1 Qb5 19. Ng4 Nxg4 20. Qxg4 Nd4 21.
Nf5 Bxf5 22. exf5 Nxb3 23. f6 g6 24. axb3 Rad8 25. Rxd8 Rxd8 26. Rd1 Qe8 27.
Kf2 Kh7 28. h4 h5 29. Qe2 Rxd1 30. Qxd1 Qe6 31. Qd8 Qf5+ 32. Ke2 Qc2+ 33. Kf3
Qf5+ 34. Ke2 Qc2+ 35. Kf3  1/2-1/2

[Event "2. Bundesliga West 2017/18"]
[Site "Kufstein; NMS II, Sporthalle Fischergries"]
[Date "2018.01.13"]
[Round "7"]
[Board "1"]
[White "Nayhebaver, Martin"]
[Black "Fedorovsky, Michael"]
[Result "1-0"]
[WhiteElo "2440"]
[BlackElo "2478"]
[PlyCount "101"]
[EventDate "2017.10.13"]
[EventType "team"]
[EventRounds "11"]
[EventCountry "AUT"]
[WhiteTeam "Bregenz"]
[BlackTeam "Jenbach 2"]

1. d4 Nf6 2. c4 e6 3. Nc3 Bb4 4. e3 O-O 5. Bd3 d5 6. Nge2 c5 7. a3 Bxc3+ 8.
bxc3 dxc4 9. Bxc4 Qc7 10. Ba2 b6 11. Bb2 Bb7 12. O-O Nc6 13. c4 Rfd8 14. d5 Ne5
15. Nf4 exd5 16. Nxd5 Qd6 17. f4 Ned7 18. Qf3 Nxd5 19. cxd5 f5 20. Rad1 Re8 21.
Bb1 Qg6 22. Qh3 Rf8 23. e4 Nf6 24. Bxf6 Qxf6 25. e5 Qf7 26. e6 Qf6 27. Rfe1 c4
28. d6 Bc6 29. e7 Rf7 30. d7 Bxd7 31. Rxd7 Re8 32. Qf3 Rfxe7 33. Qd5+ Kf8 34.
Rdxe7 Rxe7 35. Qd8+ Kf7 36. Rxe7+ Qxe7 37. Qxe7+ Kxe7 38. Bxf5 g6 39. Be4 Kd6
40. Kf2 Kc5 41. Ke3 b5 42. h4 a5 43. h5 gxh5 44. Bxh7 b4 45. a4 b3 46. f5 Kd6
47. Bg8 Ke5 48. Bxc4 Kxf5 49. Kd4 Kf4 50. Kc5 Kg3 51. Bd5  1-0

[Event "2. Bundesliga West 2017/18"]
[Site "Kufstein; NMS II, Sporthalle Fischergries"]
[Date "2018.01.13"]
[Round "7"]
[Board "2"]
[White "Reich, Thomas"]
[Black "Sergeev, Vladimir"]
[Result "1/2-1/2"]
[WhiteElo "2365"]
[BlackElo "2417"]
[PlyCount "68"]
[EventDate "2017.10.13"]
[EventType "team"]
[EventRounds "11"]
[EventCountry "AUT"]
[WhiteTeam "Jenbach 2"]
[BlackTeam "Bregenz"]

1. c4 g6 2. d4 Bg7 3. Nc3 c5 4. d5 Bxc3+ 5. bxc3 f5 6. e4 fxe4 7. f3 e5 8. Qc2
d6 9. fxe4 Nd7 10. Nf3 Ndf6 11. Bd3 Qe7 12. O-O Bg4 13. Rb1 O-O-O 14. Be3 Kb8
15. Nd2 Bc8 16. Be2 h6 17. Rf2 Rh7 18. Rbf1 Rf8 19. h3 Rff7 20. Qd1 Rhg7 21.
Kh1 Bd7 22. Bf3 Ka8 23. Be2 Rh7 24. Kg1 Qf8 25. Bf3 Ne7 26. Be2 Qh8 27. Rf3 Be8
28. Qe1 g5 29. g4 Nd7 30. Rxf7 Rxf7 31. Qg3 Rxf1+ 32. Nxf1 Nf6 33. Qf3 Bd7 34.
Ng3 a6  1/2-1/2

[Event "2. Bundesliga West 2017/18"]
[Site "Kufstein; NMS II, Sporthalle Fischergries"]
[Date "2018.01.13"]
[Round "7"]
[Board "3"]
[White "Dobosz, Henryk"]
[Black "Hoellrigl, Wilfried"]
[Result "1-0"]
[WhiteElo "2378"]
[BlackElo "2204"]
[PlyCount "57"]
[EventDate "2017.10.13"]
[EventType "team"]
[EventRounds "11"]
[EventCountry "AUT"]
[WhiteTeam "Bregenz"]
[BlackTeam "Jenbach 2"]

1. c4 Nf6 2. Nc3 g6 3. e4 d6 4. d4 Bg7 5. h3 O-O 6. Be3 e5 7. d5 Ne8 8. g4 f5
9. gxf5 gxf5 10. exf5 Bxf5 11. Nge2 Nf6 12. Ng3 Bg6 13. h4 h5 14. Bh3 Na6 15.
Rg1 Kh7 16. Bf5 Qe8 17. Nxh5 Bxf5 18. Nxg7 Qd7 19. Nxf5 Qxf5 20. Rg5 Qh3 21.
Qc2+ e4 22. a3 Qh1+ 23. Kd2 Qf3 24. Rag1 Rg8 25. R1g3 Qh1 26. Bd4 Rxg5 27. hxg5
Nh5 28. Nxe4 Kg8 29. Nf6+  1-0

[Event "2. Bundesliga West 2017/18"]
[Site "Kufstein; NMS II, Sporthalle Fischergries"]
[Date "2018.01.13"]
[Round "7"]
[Board "4"]
[White "Heinrich, Thomas"]
[Black "Hess, Max"]
[Result "0-1"]
[WhiteElo "2148"]
[BlackElo "2251"]
[PlyCount "66"]
[EventDate "2017.10.13"]
[EventType "team"]
[EventRounds "11"]
[EventCountry "AUT"]
[WhiteTeam "Jenbach 2"]
[BlackTeam "Bregenz"]

1. d4 Nf6 2. c4 g6 3. g3 Bg7 4. Bg2 O-O 5. Nc3 d6 6. Nf3 Nbd7 7. O-O e5 8. e4
exd4 9. Nxd4 Re8 10. Re1 a6 11. h3 Rb8 12. Bg5 h6 13. Be3 Ne5 14. b3 c5 15.
Nde2 b5 16. cxb5 axb5 17. Qd2 b4 18. Nd5 Bxh3 19. Nxf6+ Qxf6 20. f4 Bxg2 21.
fxe5 Qxe5 22. Kxg2 Qxe4+ 23. Kf2 Bxa1 24. Rxa1 Qf5+ 25. Nf4 g5 26. Qxd6 gxf4
27. gxf4 Qc2+ 28. Bd2 Rbd8 29. Rg1+ Kh7 30. Qf6 Rxd2+ 31. Kf3 Qe4+ 32. Kg3 Rg8+
33. Kh3 Qf3+  0-1

[Event "2. Bundesliga West 2017/18"]
[Site "Kufstein; NMS II, Sporthalle Fischergries"]
[Date "2018.01.13"]
[Round "7"]
[Board "5"]
[White "Ciolek, Andreas"]
[Black "Kondrak, Christof"]
[Result "1-0"]
[WhiteElo "2218"]
[BlackElo "2146"]
[PlyCount "123"]
[EventDate "2017.10.13"]
[EventType "team"]
[EventRounds "11"]
[EventCountry "AUT"]
[WhiteTeam "Bregenz"]
[BlackTeam "Jenbach 2"]

1. e4 c5 2. Nf3 e6 3. d4 cxd4 4. Nxd4 a6 5. Bd3 b5 6. O-O Bb7 7. Nc3 Nc6 8. Be3
Ne5 9. f4 Nxd3 10. cxd3 Nf6 11. Rc1 Be7 12. Nb3 O-O 13. a4 b4 14. Ne2 Ng4 15.
Bd4 d6 16. h3 Nf6 17. a5 Nd7 18. Qd2 e5 19. Qxb4 exd4 20. Qxb7 Nc5 21. Nxc5
dxc5 22. Rc2 Rb8 23. Qxa6 Ra8 24. Qc6 Qxa5 25. Ng3 Rfc8 26. Qd7 Bf8 27. Qg4 c4
28. Kh2 Qa6 29. Rfc1 c3 30. bxc3 Qxd3 31. Nf5 g6 32. Nxd4 Qxe4 33. Qf3 Qxf3 34.
Nxf3 Rc4 35. g3 Rac8 36. Ne5 R4c7 37. c4 Bd6 38. Nd3 Ba3 39. Ra1 Bc5 40. Ra5 f6
41. Kg2 Kf7 42. Kf3 h5 43. g4 hxg4+ 44. hxg4 Bg1 45. c5 Bd4 46. Rc4 Bg1 47. Rb5
Ke6 48. Rc1 Rd7 49. Nb4 Bd4 50. c6 Rdc7 51. f5+ gxf5 52. gxf5+ Kf7 53. Rd5 Bb6
54. Rd6 Ra7 55. Nd5 Ra3+ 56. Rc3 Rxc3+ 57. Nxc3 Bc5 58. Re6 Bd4 59. Nb5 Bc5 60.
Ke4 Be7 61. c7 Ra8 62. Rc6  1-0